000 00366cam a2200145ua 4500
041 _aeng
_h
082 _a828.09
_bMAR/UN
100 _aMartin, N C .
245 _aUnderstanding and enjoyment /
_cN C Martin.
_hTextual Documents
260 _aCalcutta :
_bOxford University Press ,
_c1959.
300 _a138 ; .
504 _a
942 _cBK
999 _c4181
_d4181